000 00946nam a22003257a 4500
003 CHAP
005 20220329140049.0
008 971013s1973 r 00010 d
010 _a46423
011 _a47395
035 _a51537
040 _cCHAP
082 _a581.1
_bT46 1973
100 0 0 _aThomas, Meirion.
_9112850
245 _aPlant physiology
250 _a5 ed.
260 _aLondon :
_bLongman,
_c1973
300 _a1062 p.
_b: gráfs.
504 _aBibliografía pp. 973-1004
590 _aBATCH-UPD
_b10
_c20130110
_lUCH01
_h1647
590 _aBATCH-UPD
_b10
_c20130410
_lUCH01
_h1037
590 _aBATCH-UPD
_b10
_c20130914
_lUCH01
_h1412
590 _aCONVERSION
_b10
_c20130109
_lUCH01
_h1325
650 1 4 _aFisiología vegetal.
_941136
700 0 _aRanson, S. L.
_994646
700 0 _aRichardson, J. A.
_997275
901 _aBK
942 _cLIBRO
949 _a581.1 T46 1973
_bBC
_cLIBRO
_d33724000521340
_eLIBRO
_h46602
_i51537
_si
999 _c46423
_d46423